000 00507nam a2200181Ia 4500
003 OSt
005 20260326085159.0
008 211028s2007 xx 000 0 und d
040 _cAIMIT LIBRARY
041 _aeng
082 _a658.15 DROR
100 _aDrozario, Resetta Maria;Kamath, T Ramesh.
_g50971368
_95785
245 _aA study of car financing with reference to Mangalore city /
260 _bKamath, T Ramesh
_c2007
600 _aFinance
_95786
650 _aFinance
_95787
942 _2ddc
_cPRO
999 _c218020
_d218020